| 000 | nam a22 a 4500 | ||
|---|---|---|---|
| 999 |
_c1452 _d1452 |
||
| 005 | 20170509153023.0 | ||
| 008 | 170509b1984 xxu||||| |||| 00| 0 eng d | ||
| 020 | _a087484715X (cased) | ||
| 040 | _aAKMAL | ||
| 082 | _a304.6 ZOP | ||
| 090 |
_a304.6 _bZOP |
||
| 100 | 1 |
_aZopf, Paul E. _92871 |
|
| 245 | 1 | 0 |
_aPopulation : _ban introduction to social demography / _cPaul E. Zopf |
| 260 |
_aPalo Alto _bMayfield, _c1984. |
||
| 300 |
_axxiv,501p. _bill. _ccm |
||
| 504 | _aBibliography: p470-487. | ||
| 650 | 0 |
_aPopulation. _x Social aspects. _92872 |
|
| 852 |
_aBritish Library _bHMNTS |
||
| 942 |
_2ddc _cBOOK |
||